000 00582cam a22001932 4500
001 0000000118
005 20151021151037.0
008 070111s xx 000 0 eng d
020 _a0071382003 :
_cGBP 9.99
040 _aKABU
_cKABU
100 1 _aCalvin, Robert J.
_@0000148134
245 1 0 _aEntrepreneurial management /
_cRobert J. Calvin.
260 _aNew York :
_bMcGraw-Hill,
_c2002.
300 _avii, 295 p.
650 0 _aNew business enterprises
_xManagement.
_@0000148135
908 _a070111
950 _@1
999 _c9
_d9